Music Quiz

Random Music or Blitz Quiz

30 in 60: Lead Singers Quiz Stats

Quiz Updated Feb 17, 2015

Challenge
Share
Tweet
Embed
Score 0/30 Timer 01:00
3 Plays Today
% Correct
The Rolling Stones
73.7%
U2
73.6%
Queen
73%
Guns N' Roses
70.9%
Aerosmith
70.4%
The Police
69.8%
Ramones
69%
Black Sabbath
67.9%
The Doors
67.5%
No Doubt
64.9%
Coldplay
62.7%
The White Stripes
61.2%
Eurythmics
59.3%
Led Zeppelin
59.3%
Blondie
58.4%
% Correct
The Who
56.1%
Green Day
55.9%
Sex Pistols
55%
Van Halen
53.6%
R.E.M.
51.7%
Pearl Jam
50.4%
Heart
43.6%
Velvet Underground
41.6%
Journey
41.5%
The Smiths
40.3%
Radiohead
38.9%
Jefferson Airplane
38.5%
Talking Heads
38.1%
The Kinks
35.9%
The Clash
32.3%

You're not logged in!

Compare scores with friends on all Sporcle quizzes.
Join for Free
OR
Log In

You Might Also Like...

Show Comments

Extras

Top Quizzes Today


Score Distribution

Your Account Isn't Verified!

In order to create a playlist on Sporcle, you need to verify the email address you used during registration. Go to your Sporcle Settings to finish the process.

Report this User

Report this user for behavior that violates our Community Guidelines.

Details: